000 01327nam a2200361Ia 4500
001 ebr10567063
003 CaPaEBR
006 m u
007 cr cn|||||||||
008 010102s2000 enk sb 001 0 eng d
010 _z 00132725
020 _z0761956115
020 _z9780761956129
020 _z0761956123
020 _z9781446264492
040 _aCaPaEBR
_cCaPaEBR
035 _a(OCoLC)607785630
050 1 4 _aJV6032
_b.C38 2000eb
082 0 4 _a305.8
_221
100 1 _aCastles, Stephen.
245 1 0 _aEthnicity and globalization
_h[electronic resource] :
_bfrom migrant worker to transnational citizen /
_cStephen Castles.
260 _aLondon ;
_aThousand Oaks, Calif. :
_bSage Publications,
_c2000.
300 _axi, 228 p.
504 _aIncludes bibliographical references and index.
533 _aElectronic reproduction.
_bPalo Alto, Calif. :
_cebrary,
_d2011.
_nAvailable via World Wide Web.
_nAccess may be limited to ebrary affiliated libraries.
650 0 _aEmigration and immigration.
650 0 _aEthnicity.
650 0 _aGlobalization.
650 0 _aMulticulturalism.
655 7 _aElectronic books.
_2local
710 2 _aebrary, Inc.
856 4 0 _uhttp://site.ebrary.com/lib/rucke/Doc?id=10567063
_zAn electronic book accessible through the World Wide Web; click to view
999 _c200472
_d200472